[Event "Dublin Bolger Cup"]
[Site "Dublin"]
[Date "2022.03.27"]
[Round "4"]
[White "Melaugh, Shanemelaugh"]
[Black "Corte Real Neto, Cyro Pamplona"]
[Result "1/2-1/2"]
[WhiteElo "2149"]
[BlackElo "1925"]
[PlyCount "95"]
[EventDate "2022.03.25"]
[EventType "swiss"]
[EventRounds "5"]
[EventCountry "IRL"]
[SourceTitle "CBM 207 Extra"]
[Source "ChessBase"]
[SourceDate "2022.05.31"]
[SourceVersion "1"]
[SourceVersionDate "2022.05.31"]
[SourceQuality "1"]

1. c4 Nf6 2. Nc3 e6 3. e4 e5 4. Nf3 Nc6 5. d4 exd4 6. Nxd4 d6 7. Be2 Be7 8. Be3 Nxd4 9. Bxd4 Bd7 10. 0-0 Bc6 11. Bd3 0-0 12. Qc2 Re8 13. Rad1 Bf8 14. Rfe1 g6 15. e5 dxe5 16. Bxe5 Qe7 17. Re2 Bg7 18. Nd5 Bxd5 19. cxd5 Qd7 20. Bc4 Nh5 21. Bg3 Nxg3 22. hxg3 Rxe2 23. Bxe2 Be5 24. Qb3 Rb8 25. Qe3 Bxb2 26. Qxa7 Qc8 27. Qc5 Be5 28. a4 Bd6 29. Qb5 Qe8 30. Rb1 Qxb5 31. Bxb5 b6 32. Bc6 Rd8 33. Kf1 Kg7 34. Ke2 h5 35. Kd3 Rh8 36. Rh1 g5 37. Ke4 Kg6 38. g4 h4 39. Rh3 Rf8 40. Rf3 Rd8 41. Kd4 Bc5+ 42. Kc4 Bd6 43. Re3 Bc5 44. Re2 Bd6 45. Kb5 Rh8 46. Re3 Bf4 47. Rd3 Rd8 48. Kc4 1/2-1/2

[Event "Guarapari op"]
[Site "Guarapari"]
[Date "2019.11.15"]
[Round "1"]
[White "Delgado Ramirez, Neuris"]
[Black "Corte Real Neto, Cyro Pamplona"]
[Result "1-0"]
[WhiteElo "2619"]
[BlackElo "1942"]
[PlyCount "68"]
[EventDate "2019.11.15"]
[EventType "swiss"]
[EventRounds "6"]
[EventCountry "BRA"]
[SourceTitle "CBM 193 Extra"]
[Source "ChessBase"]
[SourceDate "2020.01.31"]
[SourceVersion "1"]
[SourceVersionDate "2020.01.31"]
[SourceQuality "1"]

1. e4 c5 2. Nf3 Nc6 3. d4 cxd4 4. Nxd4 Nf6 5. Nc3 e5 6. Ndb5 d6 7. Bg5 a6 8. Bxf6 gxf6 9. Na3 b5 10. Nd5 Bg7 11. c3 f5 12. exf5 Bxf5 13. Nc2 0-0 14. Nce3 Be6 15. g3 f5 16. Bg2 Rb8 17. 0-0 Kh8 18. Qh5 a5 19. Rad1 b4 20. f4 e4 21. g4 Ne7 22. gxf5 Bxd5 23. Nxd5 Rxf5 24. Qh3 Nxd5 25. Bxe4 Nxf4 26. Qxf5 Ng6 27. Rd3 Qb6+ 28. Kh1 Rf8 29. Qh3 d5 30. Rxf8+ Bxf8 31. Rxd5 bxc3 32. Rh5 h6 33. Rxh6+ Bxh6 34. Qxh6+ Kg8 1-0

[Event "Sao Paulo op-A U2300 8th"]
[Site "Sao Paulo"]
[Date "2019.10.20"]
[Round "6"]
[White "Corte Real Neto, Cyro Pamplona"]
[Black "Miquelin, Nicolas Seoane"]
[Result "1/2-1/2"]
[WhiteElo "1982"]
[BlackElo "2044"]
[PlyCount "70"]
[EventDate "2019.10.17"]
[EventType "swiss"]
[EventRounds "6"]
[EventCountry "BRA"]
[SourceTitle "CBM 192 Extra"]
[Source "Chessbase"]
[SourceDate "2019.11.06"]
[SourceVersion "1"]
[SourceVersionDate "2019.11.06"]
[SourceQuality "1"]

1. e4 c5 2. Nf3 g6 3. d4 cxd4 4. Nxd4 Bg7 5. Nc3 Nc6 6. Be3 Nf6 7. f3 0-0 8. Qd2 d5 9. 0-0-0 dxe4 10. Nxe4 Nxe4 11. fxe4 Nxd4 12. Bxd4 Be6 13. Bxg7 Qxd2+ 14. Rxd2 Kxg7 15. Bb5 Rfd8 16. Rhd1 Rxd2 17. Rxd2 Kf6 18. Bd7 Rd8 19. Bxe6 Rxd2 20. Kxd2 Kxe6 21. c4 Ke5 22. Kd3 f5 23. exf5 gxf5 24. b4 Kf6 25. Kd4 e5+ 26. Kd5 e4 27. Kd4 h5 28. c5 a6 29. a4 Ke6 30. b5 a5 31. g3 Kd7 32. Kc4 Ke7 33. Kc3 Ke6 34. Kd4 Kd7 35. Kc4 Ke6 1/2-1/2

[Event "Sao Paulo op-A U2300 8th"]
[Site "Sao Paulo"]
[Date "2019.10.19"]
[Round "3"]
[White "Souza dos Santos, Matheus Garcett"]
[Black "Corte Real Neto, Cyro Pamplona"]
[Result "0-1"]
[WhiteElo "1888"]
[BlackElo "1982"]
[PlyCount "86"]
[EventDate "2019.10.17"]
[EventType "swiss"]
[EventRounds "6"]
[EventCountry "BRA"]
[SourceTitle "CBM 192 Extra"]
[Source "Chessbase"]
[SourceDate "2019.11.06"]
[SourceVersion "1"]
[SourceVersionDate "2019.11.06"]
[SourceQuality "1"]

1. e4 c5 2. Nf3 Nc6 3. d4 cxd4 4. Nxd4 Nf6 5. Nc3 e5 6. Ndb5 d6 7. Nd5 Nxd5 8. exd5 Nb8 9. c4 Be7 10. Bd3 0-0 11. 0-0 f5 12. f4 Nd7 13. Be3 exf4 14. Bxf4 Qb6+ 15. Rf2 Nf6 16. h3 a6 17. Nc3 Ne4 18. Bxe4 fxe4 19. Qd2 Bf6 20. Be3 Qc7 21. Nxe4 Qxc4 22. Nxd6 Qc7 23. Ne4 Qe5 24. Nc3 Bd7 25. Rd1 Rae8 26. Bf4 Qh5 27. Ne2 Bh4 28. Rf3 Rxe2 29. Qxe2 Rxf4 30. Rdf1 Rxf3 31. Qxf3 Qxf3 32. Rxf3 Bf6 33. Rb3 b5 34. g4 Kf7 35. Kg2 Ke7 36. Kf3 Kd6 37. Ra3 Bc8 38. Ke4 Bxb2 39. Rg3 Bb7 40. Rd3 Bf6 41. Rd1 b4 42. Rd3 a5 43. a3 b3 0-1

[Event "Sao Paulo op-A U2300 8th"]
[Site "Sao Paulo"]
[Date "2019.10.18"]
[Round "2"]
[White "Corte Real Neto, Cyro Pamplona"]
[Black "Brito, Luismar Jorge"]
[Result "0-1"]
[WhiteElo "1982"]
[BlackElo "2244"]
[PlyCount "77"]
[EventDate "2019.10.17"]
[EventType "swiss"]
[EventRounds "6"]
[EventCountry "BRA"]
[SourceTitle "CBM 192 Extra"]
[Source "Chessbase"]
[SourceDate "2019.11.06"]
[SourceVersion "1"]
[SourceVersionDate "2019.11.06"]
[SourceQuality "1"]

1. e4 c5 2. Nf3 d6 3. d4 cxd4 4. Nxd4 Nf6 5. Nc3 a6 6. Be2 e6 7. Be3 Qc7 8. 0-0 Bd7 9. f4 Nc6 10. Qe1 h5 11. Rd1 b5 12. Nxc6 Bxc6 13. Bf3 Be7 14. a3 a5 15. Bd4 b4 16. axb4 axb4 17. Bxf6 gxf6 18. Ne2 Qb6+ 19. Kh1 h4 20. Nd4 Bb7 21. h3 Ra2 22. e5 dxe5 23. fxe5 f5 24. b3 Rg8 25. Qd2 Bxf3 26. Rxf3 Ra5 27. Qh6 Rd5 28. Rfd3 Rxe5 29. Qh7 Rf8 30. Qg7 Rd5 31. Ra1 Rd8 32. Re1 Qc5 33. Re5 Qa7 34. Nc6 Qa1+ 35. Kh2 Rxd3 36. cxd3 Bd6 37. d4 Kd7 38. d5 exd5 39. Nb8+ 0-1

[Event "Rio de Janeiro Estadual-ch"]
[Site "Rio de Janeiro"]
[Date "2019.09.29"]
[Round "3"]
[White "Barbosa, Luiz Francisco da S"]
[Black "Corte Real Neto, Cyro Pamplona"]
[Result "1/2-1/2"]
[WhiteElo "1748"]
[BlackElo "1982"]
[PlyCount "60"]
[EventDate "2019.09.28"]
[EventType "swiss"]
[EventRounds "6"]
[EventCountry "BRA"]
[SourceTitle "EXT 2020"]
[Source "ChessBase"]
[SourceDate "2019.10.17"]
[SourceVersion "1"]
[SourceVersionDate "2019.10.17"]
[SourceQuality "1"]

1. d4 Nf6 2. Nf3 e6 3. e3 b6 4. Bd3 Bb7 5. 0-0 d5 6. Nbd2 Be7 7. Ne5 0-0 8. c3 c5 9. Qf3 Nbd7 10. Nxd7 Qxd7 11. Qh3 g6 12. Nf3 Ne4 13. Ne5 Qd6 14. f4 f6 15. Nf3 a5 16. Nd2 Nxd2 17. Bxd2 Ba6 18. Bxa6 Rxa6 19. Be1 b5 20. Bg3 f5 21. Bh4 c4 22. Bxe7 Qxe7 23. a3 Rfa8 24. Qf3 b4 25. Rfb1 Qb7 26. Qd1 Rb6 27. axb4 axb4 28. Rxa8+ Qxa8 29. Ra1 Qc6 30. Qe1 bxc3 1/2-1/2

[Event "Rio de Janeiro Estadual Mestres op"]
[Site "Rio de Janeiro"]
[Date "2016.05.28"]
[Round "4"]
[White "Corte Real Neto, Cyro Pamplona"]
[Black "Okamura, Milton Kasuo"]
[Result "1-0"]
[WhiteElo "2016"]
[BlackElo "2058"]
[PlyCount "88"]
[EventDate "2016.05.26"]
[EventType "swiss"]
[EventRounds "6"]
[EventCountry "BRA"]
[SourceTitle "CBM 172 Extra"]
[Source "ChessBase"]
[SourceDate "2016.06.21"]
[SourceVersion "1"]
[SourceVersionDate "2016.06.21"]
[SourceQuality "1"]

1. e4 c5 2. Nf3 e6 3. d4 cxd4 4. Nxd4 Nc6 5. Nc3 Qc7 6. a3 a6 7. Be2 Nf6 8. Be3 Be7 9. 0-0 0-0 10. f4 d6 11. Nb3 b5 12. Qe1 Bb7 13. Rd1 Rac8 14. Bf3 b4 15. axb4 Nxb4 16. Rf2 Nxc2 17. Rxc2 Bxe4 18. Bxe4 Nxe4 19. Rdc1 Nxc3 20. Rxc3 Qb8 21. Rxc8 Rxc8 22. Rxc8+ Qxc8 23. Qc3 Qb8 24. Bd4 Bf8 25. Na5 Qb5 26. b4 Qe2 27. h3 h5 28. Nc4 Qe4 29. Qd2 d5 30. Nb2 Bd6 31. g3 h4 32. Bc5 Bb8 33. Bf2 hxg3 34. Bxg3 g5 35. Nd3 Ba7+ 36. Kh2 Be3 37. Qd1 gxf4 38. Qg4+ Kf8 39. Nxf4 Qc2+ 40. Ng2 Ke7 41. Qh4+ f6 42. Qh8 Kf7 43. Bd6 e5 44. Qf8+ Ke6 1-0

[Event "Rio de Janeiro Estadual Mestres op"]
[Site "Rio de Janeiro"]
[Date "2016.05.28"]
[Round "3"]
[White "Souza, Iago Henrique Da Si"]
[Black "Corte Real Neto, Cyro Pamplona"]
[Result "1-0"]
[WhiteElo "2043"]
[BlackElo "2016"]
[PlyCount "73"]
[EventDate "2016.05.26"]
[EventType "swiss"]
[EventRounds "6"]
[EventCountry "BRA"]
[SourceTitle "CBM 172 Extra"]
[Source "ChessBase"]
[SourceDate "2016.06.21"]
[SourceVersion "1"]
[SourceVersionDate "2016.06.21"]
[SourceQuality "1"]

1. d4 Nf6 2. Nf3 g6 3. c4 Bg7 4. Nc3 d6 5. g3 0-0 6. Bg2 Na6 7. 0-0 c5 8. d5 Nc7 9. e4 Rb8 10. a4 b6 11. h3 a6 12. Qd3 Bd7 13. Re1 b5 14. axb5 axb5 15. cxb5 Nxb5 16. Bf1 Ne8 17. Bf4 Nxc3 18. bxc3 Rb3 19. Rec1 Nc7 20. Qd2 Bb5 21. Bg2 Re8 22. Rab1 Bxc3 23. Qa2 Rxb1 24. Qxb1 Bg7 25. h4 h5 26. Bd2 Qb8 27. Qc2 Bd7 28. Rb1 Qa7 29. Qb3 Nb5 30. Ng5 Nd4 31. Qd1 Rb8 32. Kh2 Rxb1 33. Qxb1 f6 34. Nf3 Nb5 35. e5 Na3 36. Qxg6 dxe5 37. Bh6 1-0

[Event "Pocos de Caldas op"]
[Site "Pocos de Caldas"]
[Date "2014.10.31"]
[Round "3"]
[White "Corte Real Neto, Cyro Pamplona"]
[Black "Carvalho, Herbert Abreu"]
[Result "0-1"]
[WhiteElo "2127"]
[BlackElo "2247"]
[PlyCount "109"]
[EventDate "2014.10.30"]
[EventType "swiss"]
[EventRounds "7"]
[EventCountry "BRA"]
[SourceTitle "EXT 2015"]
[Source "ChessBase"]
[SourceDate "2014.11.20"]
[SourceVersion "1"]
[SourceVersionDate "2014.11.20"]
[SourceQuality "1"]

1. e4 e5 2. Nf3 Nc6 3. Bb5 a6 4. Ba4 Nf6 5. 0-0 Be7 6. Re1 b5 7. Bb3 d6 8. c3 0-0 9. h3 Na5 10. Bc2 c5 11. d4 cxd4 12. cxd4 Qc7 13. Bg5 Nc6 14. Nc3 b4 15. Bxf6 bxc3 16. Bxe7 cxb2 17. Rb1 Nxe7 18. Rxb2 Be6 19. Bb3 Bxb3 20. Rxb3 Ng6 21. g3 Rfc8 22. h4 Rd8 23. Qd2 Rac8 24. Reb1 Qc6 25. Qd3 exd4 26. Nxd4 Qc4 27. Nf5 Qe6 28. Qxa6 Qxe4 29. Nxd6 Qe6 30. Qxc8 Rxc8 31. Nxc8 h5 32. Nb6 Ne5 33. a4 Qc6 34. a5 Nf3+ 35. Rxf3 Qxf3 36. Ra1 Qc3 37. Ra4 Qc1+ 38. Kg2 Qc6+ 39. Kf1 Qb5+ 40. Ke1 Qa6 41. Kd2 Kf8 42. Kc3 Ke7 43. Nd5+ Kd6 44. Nb4 Qb5 45. Ra2 Kc7 46. a6 Kb8 47. Rd2 Ka7 48. Rd5 Qe8 49. Kc4 Qe2+ 50. Kc5 Qxf2+ 51. Kc6 Qb6+ 52. Kd7 Qxb4 53. Rd6 Qg4+ 54. Ke7 f6 55. Kf7 0-1

[Event "Pocos de Caldas op"]
[Site "Pocos de Caldas"]
[Date "2014.10.30"]
[Round "1"]
[White "Mendonca, Mateus Nakajo"]
[Black "Corte Real Neto, Cyro Pamplona"]
[Result "1-0"]
[WhiteElo "2365"]
[BlackElo "2127"]
[PlyCount "63"]
[EventDate "2014.10.30"]
[EventType "swiss"]
[EventRounds "7"]
[EventCountry "BRA"]
[SourceTitle "EXT 2015"]
[Source "ChessBase"]
[SourceDate "2014.11.20"]
[SourceVersion "1"]
[SourceVersionDate "2014.11.20"]
[SourceQuality "1"]

1. d4 Nf6 2. Nf3 g6 3. c4 d6 4. g3 Bg7 5. Bg2 0-0 6. 0-0 Nbd7 7. Nc3 h6 8. e4 e5 9. h3 exd4 10. Nxd4 Ne5 11. b3 Bd7 12. Be3 Nc6 13. Nde2 Re8 14. Qd2 Kh7 15. Rad1 a6 16. c5 dxc5 17. Bxc5 Be6 18. Qc1 Nd7 19. Be3 Qc8 20. f4 Nf6 21. g4 Rd8 22. e5 Rxd1 23. Qxd1 Ng8 24. f5 Bd7 25. e6 Be8 26. exf7 Bxf7 27. Be4 Qe8 28. fxg6+ Bxg6 29. Bxg6+ Qxg6 30. Nf4 Qd6 31. Qc2+ Kh8 32. Ng6+ 1-0

[Event "Juiz de Fora op"]
[Site "Juiz de Fora"]
[Date "2014.09.28"]
[Round "5"]
[White "Medeiros, Thauane Ferreira"]
[Black "Corte Real Neto, Cyro Pamplona"]
[Result "1/2-1/2"]
[WhiteElo "1850"]
[BlackElo "2127"]
[PlyCount "30"]
[EventDate "2014.09.26"]
[EventType "swiss"]
[EventRounds "6"]
[EventCountry "BRA"]
[SourceTitle "CBM 162 Extra"]
[Source "ChessBase"]
[SourceDate "2014.10.17"]
[SourceVersion "1"]
[SourceVersionDate "2014.10.17"]
[SourceQuality "1"]

1. d4 e6 2. g3 d5 3. Bg2 Nf6 4. c4 c6 5. Nf3 Nbd7 6. Nbd2 Bd6 7. b3 Qa5 8. 0-0 Ba3 9. Qc2 0-0 10. e4 Bxc1 11. Rfxc1 dxe4 12. Nxe4 Nxe4 13. Qxe4 Qf5 14. Re1 Nf6 15. Qe5 Qxe5 1/2-1/2

[Event "Rio de Janeiro Estadual-ch"]
[Site "Rio de Janeiro"]
[Date "2014.05.04"]
[Round "5"]
[White "Soares, Joao Carlos TC"]
[Black "Corte Real Neto, Cyro Pamplona"]
[Result "1-0"]
[WhiteElo "1760"]
[BlackElo "2131"]
[PlyCount "83"]
[EventDate "2014.05.01"]
[EventType "swiss"]
[EventRounds "6"]
[EventCountry "BRA"]
[SourceTitle "CBM 160 Extra"]
[Source "ChessBase"]
[SourceDate "2014.07.01"]
[SourceVersion "1"]
[SourceVersionDate "2014.07.01"]
[SourceQuality "1"]

1. e4 c5 2. Nf3 Nc6 3. d4 cxd4 4. Nxd4 e5 5. Nf3 Nf6 6. Bg5 Be7 7. Nc3 h6 8. Bxf6 Bxf6 9. Bc4 0-0 10. 0-0 d6 11. h3 Be6 12. Bd5 Ne7 13. Qd3 Nxd5 14. Nxd5 Rc8 15. c3 Bxd5 16. Qxd5 Qb6 17. Qb3 Qc6 18. Rfe1 Rfd8 19. Rad1 b5 20. Rd5 Rb8 21. Red1 a5 22. a3 g6 23. Qc2 Kg7 24. Qd3 b4 25. cxb4 axb4 26. Rxd6 Rxd6 27. Qxd6 Qxd6 28. Rxd6 b3 29. Rc6 Rb5 30. Rc4 Be7 31. a4 Ra5 32. Nd2 Ra7 33. Nxb3 Rb7 34. Na5 Rxb2 35. Nc6 Bg5 36. g3 f6 37. a5 Rb1+ 38. Kg2 Ra1 39. Rb4 h5 40. Rb7+ Kh6 41. Ne7 Bd2 42. Ng8+ 1-0

[Event "Rio de Janeiro Estadual-ch"]
[Site "Rio de Janeiro"]
[Date "2014.05.03"]
[Round "4"]
[White "Corte Real Neto, Cyro Pamplona"]
[Black "Rodrigues Nunes, Renato Werner"]
[Result "1/2-1/2"]
[WhiteElo "2131"]
[BlackElo "2132"]
[PlyCount "63"]
[EventDate "2014.05.01"]
[EventType "swiss"]
[EventRounds "6"]
[EventCountry "BRA"]
[SourceTitle "CBM 160 Extra"]
[Source "ChessBase"]
[SourceDate "2014.07.01"]
[SourceVersion "1"]
[SourceVersionDate "2014.07.01"]
[SourceQuality "1"]

1. e4 e5 2. Nf3 Nc6 3. Bb5 a6 4. Ba4 Nf6 5. 0-0 Nxe4 6. Re1 Nc5 7. Bxc6 dxc6 8. Nxe5 Be7 9. d4 Ne6 10. Nf3 0-0 11. c4 Bf6 12. d5 cxd5 13. cxd5 Nc5 14. h3 Bf5 15. Nc3 Nd3 16. Re3 Bxc3 17. bxc3 Qxd5 18. Ne5 Rad8 19. Nxd3 Bxd3 20. Qf3 Qxf3 21. Rxf3 Be2 22. Rg3 Rd1+ 23. Kh2 Bc4 24. a4 Re8 25. Bb2 Rxa1 26. Bxa1 Re1 27. Bb2 Rb1 28. Ba3 Ra1 29. Re3 h6 30. Bc5 Rxa4 31. Re7 a5 32. Rxc7 1/2-1/2

[Event "Rio de Janeiro Estadual-ch"]
[Site "Rio de Janeiro"]
[Date "2014.05.01"]
[Round "1"]
[White "Corte Real Neto, Cyro Pamplona"]
[Black "Leite, Tarcisio Dantas Fro"]
[Result "1-0"]
[WhiteElo "2131"]
[BlackElo "1680"]
[PlyCount "67"]
[EventDate "2014.05.01"]
[EventType "swiss"]
[EventRounds "6"]
[EventCountry "BRA"]
[SourceTitle "CBM 160 Extra"]
[Source "ChessBase"]
[SourceDate "2014.07.01"]
[SourceVersion "1"]
[SourceVersionDate "2014.07.01"]
[SourceQuality "1"]

1. e4 d6 2. d4 Nf6 3. Nc3 c6 4. f4 Qa5 5. Bd3 e5 6. Nf3 exd4 7. Nxd4 Bg4 8. Qd2 Be7 9. f5 Qe5 10. Qe3 Nh5 11. h3 Bh4+ 12. Kd2 Ng3 13. Rg1 Bh5 14. Nf3 Bxf3 15. gxf3 Qc5 16. Qxc5 dxc5 17. Ne2 Nxe2 18. Kxe2 Bf6 19. c3 Nd7 20. f4 g6 21. e5 Bd8 22. Be3 Bb6 23. a4 a5 24. Rad1 0-0-0 25. Bc4 Kc7 26. Bxf7 gxf5 27. Be6 Nxe5 28. fxe5 f4 29. Bxf4 c4 30. Rg7+ Kb8 31. Rxd8+ Rxd8 32. Bxc4 Ka7 33. e6 Bc5 34. Be3 1-0

[Event "Rio de Janeiro Estadual-ch"]
[Site "Rio de Janeiro"]
[Date "2014.05.01"]
[Round "2"]
[White "Okamura, Milton Kasuo"]
[Black "Corte Real Neto, Cyro Pamplona"]
[Result "1-0"]
[WhiteElo "2059"]
[BlackElo "2131"]
[PlyCount "51"]
[EventDate "2014.05.01"]
[EventType "swiss"]
[EventRounds "6"]
[EventCountry "BRA"]
[SourceTitle "CBM 160 Extra"]
[Source "ChessBase"]
[SourceDate "2014.07.01"]
[SourceVersion "1"]
[SourceVersionDate "2014.07.01"]
[SourceQuality "1"]

1. d4 d5 2. c4 e6 3. Nf3 Nf6 4. Nc3 Be7 5. g3 b6 6. Bg2 Bb7 7. Ne5 0-0 8. 0-0 c5 9. dxc5 bxc5 10. cxd5 exd5 11. Qb3 Nc6 12. Qxb7 Nxe5 13. Nxd5 Nxd5 14. Qxd5 Qxd5 15. Bxd5 Rab8 16. Bf4 Bf6 17. Rab1 Rfd8 18. Rfd1 Rb4 19. Bxe5 Bxe5 20. Bxf7+ Kxf7 21. Rxd8 Bxb2 22. Rd2 Bc3 23. Rxb4 Bxd2 24. Rc4 Bb4 25. Kf1 Ke6 26. e4 1-0

[Event "Rio de Janeiro Estadual Mestres op"]
[Site "Rio de Janeiro"]
[Date "2013.12.08"]
[Round "7"]
[White "Santos Filho, Tadeu Souza"]
[Black "Corte Real Neto, Cyro Pamplona"]
[Result "0-1"]
[WhiteElo "2072"]
[BlackElo "2020"]
[PlyCount "68"]
[EventDate "2013.11.30"]
[EventType "swiss"]
[EventRounds "7"]
[EventCountry "BRA"]
[SourceTitle "CBM 157 Extra"]
[Source "ChessBase"]
[SourceDate "2013.12.19"]
[SourceVersion "1"]
[SourceVersionDate "2013.12.19"]
[SourceQuality "1"]

1. e4 c5 2. Nc3 Nc6 3. Bb5 g6 4. Bxc6 bxc6 5. d3 Bg7 6. f4 d5 7. Nf3 Bxc3+ 8. bxc3 dxe4 9. dxe4 Qxd1+ 10. Kxd1 Nf6 11. Nd2 0-0 12. Ke2 Ba6+ 13. Kf3 c4 14. g4 e5 15. f5 Rfd8 16. Rg1 Rd7 17. Ke3 Rad8 18. Rb1 Bb5 19. h3 a5 20. Rg2 Kh8 21. Rg1 gxf5 22. exf5 Nd5+ 23. Kf2 Nxc3 24. Ra1 Rxd2+ 25. Bxd2 Rxd2+ 26. Kf3 Rxc2 27. Rgc1 Rxa2 28. Rxa2 Nxa2 29. Ra1 Nb4 30. Rxa5 Kg7 31. g5 c3 32. Ke3 Nd5+ 33. Ke4 c2 34. Ra1 Nc3+ 0-1

[Event "Rio de Janeiro Estadual Mestres op"]
[Site "Rio de Janeiro"]
[Date "2013.12.07"]
[Round "6"]
[White "Corte Real Neto, Cyro Pamplona"]
[Black "Teixeira, Ricardo da Silva"]
[Result "0-1"]
[WhiteElo "2020"]
[BlackElo "2227"]
[PlyCount "95"]
[EventDate "2013.11.30"]
[EventType "swiss"]
[EventRounds "7"]
[EventCountry "BRA"]
[SourceTitle "CBM 157 Extra"]
[Source "ChessBase"]
[SourceDate "2013.12.19"]
[SourceVersion "1"]
[SourceVersionDate "2013.12.19"]
[SourceQuality "1"]

1. e4 Nf6 2. e5 Nd5 3. d4 d6 4. c4 Nb6 5. exd6 cxd6 6. Nc3 g6 7. Bd3 Bg7 8. Nge2 0-0 9. 0-0 Nc6 10. Be3 Bg4 11. f3 Bf5 12. b3 Bxd3 13. Qxd3 d5 14. c5 Nc8 15. a3 e6 16. b4 N8e7 17. Bg5 Qd7 18. Bxe7 Qxe7 19. f4 Rad8 20. Rab1 Qf6 21. Rfd1 Qf5 22. Nb5 Qxd3 23. Rxd3 Rd7 24. Nd6 Ra8 25. b5 Na5 26. Rb4 Bf8 27. Ra4 b6 28. Rc3 Bxd6 29. cxd6 Nc4 30. Nc1 Nxd6 31. Nd3 Rc8 32. Rxc8+ Nxc8 33. Ne5 Rc7 34. Nc6 a5 35. bxa6 Rxc6 36. a7 Nxa7 37. Rxa7 Rc4 38. Ra6 Rxd4 39. Rxb6 Rxf4 40. g3 Rf3 41. a4 Ra3 42. Rb4 Ra2 43. g4 g5 44. Rb8+ Kg7 45. Ra8 Kf6 46. a5 Ke5 47. h4 gxh4 48. a6 0-1

[Event "Rio de Janeiro Estadual Mestres op"]
[Site "Rio de Janeiro"]
[Date "2013.12.01"]
[Round "4"]
[White "Garcia, Julio Cesar de Paiv"]
[Black "Corte Real Neto, Cyro Pamplona"]
[Result "0-1"]
[WhiteElo "2171"]
[BlackElo "2020"]
[PlyCount "98"]
[EventDate "2013.11.30"]
[EventType "swiss"]
[EventRounds "7"]
[EventCountry "BRA"]
[SourceTitle "CBM 157 Extra"]
[Source "ChessBase"]
[SourceDate "2013.12.19"]
[SourceVersion "1"]
[SourceVersionDate "2013.12.19"]
[SourceQuality "1"]

1. d4 Nf6 2. c4 e6 3. Nc3 Bb4 4. e3 d5 5. Bd3 c5 6. Nge2 cxd4 7. exd4 dxc4 8. Bxc4 Nc6 9. 0-0 0-0 10. Bg5 Bxc3 11. bxc3 b6 12. Ng3 h6 13. Bxf6 Qxf6 14. Ne4 Qe7 15. Bd3 Bb7 16. Qe2 Rfd8 17. f4 Rac8 18. Rac1 Qa3 19. Bb1 Ba6 20. Bd3 Nxd4 21. cxd4 Bxd3 22. Rxc8 Bxe2 23. Rxd8+ Kh7 24. Re1 Qe3+ 25. Nf2 Qxf4 26. Rxe2 Qc1+ 27. Nd1 Qxd1+ 28. Kf2 b5 29. h3 a5 30. Ke3 Qc1+ 31. Kd3 Qc4+ 32. Ke3 b4 33. Rd7 Qc3+ 34. Kf2 Kg6 35. Re3 Qd2+ 36. Re2 Qf4+ 37. Ke1 a4 38. Rd2 b3 39. axb3 axb3 40. d5 b2 41. Rb7 Qe4+ 42. Kf2 b1Q 43. Rxb1 Qxb1 44. d6 Qb6+ 45. Kf3 Kf6 46. h4 e5 47. h5 Ke6 48. d7 Qb7+ 49. Kg4 Qb4+ 0-1

[Event "Rio de Janeiro Estadual Mestres op"]
[Site "Rio de Janeiro"]
[Date "2013.11.30"]
[Round "1"]
[White "Rangel, Daniel"]
[Black "Corte Real Neto, Cyro Pamplona"]
[Result "1-0"]
[WhiteElo "2151"]
[BlackElo "2020"]
[PlyCount "91"]
[EventDate "2013.11.30"]
[EventType "swiss"]
[EventRounds "7"]
[EventCountry "BRA"]
[SourceTitle "CBM 157 Extra"]
[Source "ChessBase"]
[SourceDate "2013.12.19"]
[SourceVersion "1"]
[SourceVersionDate "2013.12.19"]
[SourceQuality "1"]

1. e4 e6 2. d4 d5 3. Nd2 c5 4. exd5 exd5 5. Ngf3 Nc6 6. dxc5 Bxc5 7. Be2 Nf6 8. 0-0 0-0 9. Nb3 Be7 10. Nfd4 Ne4 11. c3 f5 12. Bf4 g5 13. Bc1 a6 14. f3 Nc5 15. Be3 Ne6 16. Nxe6 Bxe6 17. Nd4 Nxd4 18. Bxd4 Bf6 19. Re1 Bxd4+ 20. Qxd4 Qf6 21. Rad1 f4 22. Bf1 Qxd4+ 23. Rxd4 Kf7 24. Bd3 h6 25. Bc2 Rad8 26. Red1 Rd7 27. c4 Rfd8 28. Ba4 Rc7 29. cxd5 Bd7 30. Bb3 Rc5 31. Re1 Re8 32. Rxe8 Kxe8 33. g3 fxg3 34. hxg3 Bf5 35. f4 g4 36. Rd1 Rc7 37. Re1+ Re7 38. Re5 Bg6 39. Kf2 Kd7 40. Ke3 Kd6 41. Kd4 b6 42. Rxe7 Kxe7 43. Ke5 h5 44. f5 h4 45. d6+ Kd7 46. fxg6 1-0